| 000 | 01114nam0a2200313 4500 | ||
|---|---|---|---|
| 001 | RU\NLR\ONL2\25696 | ||
| 005 | 20250806204058.0 | ||
| 035 | _a(NLR Aleph) 010212651 | ||
| 090 |
_a83876 _c83876 |
||
| 100 | _a20130321d1942 d y0rusy50 ca | ||
| 101 | 0 | _aaze | |
| 102 | _aAZ | ||
| 105 | _ay ||||||||| | ||
| 200 | 1 |
_aҜәнҹләрин сәси _e[для сред. возраста] _eживая театр. газета N 2 _fИбраhим Заманлы _gНаркомпрос. АзССР Респ. дом худож. воспитания детей |
|
| 210 |
_aБакы _cНКП АзССР _d1942 |
||
| 215 |
_a16 с. _d21 |
||
| 541 | 1 |
_6z01790 _aГолос юношей _zrus |
|
| 686 | 1 | _aШ9(2)6=Аз-6 | |
| 700 | 1 |
_aЗаманлы _bИ. _gИбраhим _4070 |
|
| 790 | 1 |
_6z01541 _aЗаманлы _bИ. _gИбрагим _4070 |
|
| 801 | 0 |
_aRU _bNLR _c20130325 _gPSBO |
|
| 852 |
_aNLR _jАзерб./3-2115 |
||
| 852 |
_aNLR _bОНЛ |
||
| 942 | _cBOOK | ||
| 945 | _aРоссийская национальная библиотека | ||
| 980 | _aBV | ||
| 980 | _aONL_RF | ||